Dead Cells - Bosses - Statistics

General Stats
  • This quiz has been taken 86 times
  • The average score is 8 of 9
Answer Stats
Type Area Boss % Correct
Final Boss (DLC) Lighthouse The Queen
93%
1st Bosses Black Bridge The Concierge
91%
Final Boss Throne Room Hand of the King
88%
2nd Bosses (DLC) Guardian's Haven The Giant
87%
2nd Bosses (DLC) Mausoleum The Scarecrow
87%
1st Bosses (DLC) Nest Mama Tick
85%
2nd Bosses Clock Room The Time Keeper
85%
3rd Boss (DLC) Lighthouse The Servants
69%
1st Bosses Insufferable Crypt Conjunctivius
68%
No matching quizzes found
Score Distribution
Percent of People with Each Score
Percentile by Number Answered
Your Score History
You have not taken this quiz